ბათუმის შოთა რუსთაველის სახელმწიფო უნივერსიტეტის ბიბლიოთეკა

Облегчение конструкций металлических стен промышленных зданий. (ბიბ.ჩანაწერი № 40745)

000 -LEADER
fixed length control field 00638nam a2200193Ia 4500
001 - CONTROL NUMBER
control field 7384
003 - CONTROL NUMBER IDENTIFIER
control field GE_BSU
008 - FIXED-LENGTH DATA ELEMENTS--GENERAL INFORMATION
fixed length control field 181216s||||||||xx |||||||||||||| ||und||
040 ## - CATALOGING SOURCE
Transcribing agency GE_BSU
080 ## - UNIVERSAL DECIMAL CLASSIFICATION NUMBER
Universal Decimal Classification number 691.7
100 ## - MAIN ENTRY--PERSONAL NAME
Personal name Дехтяр,А.Ш.
245 ## - TITLE STATEMENT
Title Облегчение конструкций металлических стен промышленных зданий.
260 ## - PUBLICATION, DISTRIBUTION, ETC.
Place of publication, distribution, etc. М.
260 ## - PUBLICATION, DISTRIBUTION, ETC.
Name of publisher, distributor, etc. Стройиздат.
260 ## - PUBLICATION, DISTRIBUTION, ETC.
Date of publication, distribution, etc. 1979.
300 ## - PHYSICAL DESCRIPTION
Extent 160стр.с илл.20см.
653 ## - INDEX TERM--UNCONTROLLED
Uncontrolled term Облегчение конструкций металлических стен промышленных зданий.
942 ## - ADDED ENTRY ELEMENTS (KOHA)
Koha item type წიგნი
ეგზემპლარები
Withdrawn status Lost status Damaged status Not for loan Date acquired Barcode Date last seen Price effective from Koha item type
        2018-12-17 10021 2018-12-17 2018-12-17 წიგნი